000 00622nam a2200181Ia 4500
008 151202s9999||||xx |||||||||||||| ||und||
082 _bPNVM-80080
100 _aदवणे प्रवीण.
245 _aस्वत:लाही ओलंडून.
260 _b"नवचैतन्य प्रकाशन,बोरोवली."
260 _c2011
300 _a136
600 _aदवणे प्रवीण.
630 _aस्वत:लाही ओलंडून.
700 _aदवणे प्रवीण.
730 _aस्वत:लाही ओलंडून.
942 _cBOOK
999 _c1344689
_d1344686